01066nam a2200277 a 450000100060000000300080000600500170001400800410003102000150007203500190008704000300010604100080013608200270014410000220017124501680019325000280036126000280038930000200041750001020043750400280053965000380056765000350060570000370064070000680067771000430074533878BD-RjUL20211209052055.0140511s1976 fr b i000 0 eng  a9231014099 a(BD-RjUL)33970 aLCbengcLCdVSLdBD-RjUL aeng04a301.16109497bLEC 19761 aLekovic, Zdravko.10aCommunication policies in Yugoslavia :ba study /ccarried out by the Yugoslav Institute of Journalism ; and written by Dr. Zdravko Lekovic and Dr. Mihalo Bjelica. aRev. and corr. version. aParis :bUnesco,c1976. a66 p. ;c24 cm. aRevision of previous ed. written by M. Avramovic, S. Marjanovic, and P. Ralic, published in 1975. aBibliography: p. 65-66. 0aCommunication policyzYugoslavia. 0aMass media policyzYugoslavia.1 aBjelica, Mihailo,ejoint author.1 aAvramovic, Miodrag-Zika.tCommunication policies in Yugoslavia.2 aJugoslovenski institut za novinarstvo.